| 000 | 00466pab a2200169 454500 | ||
|---|---|---|---|
| 008 | 180718b2004 xxu||||| |||| 00| 0 eng d | ||
| 100 | _aAyee, Joseph R.A. | ||
| 245 | _aDecentralized governance and poverty reduction at the local level in Ghana | ||
| 260 | _c2004 | ||
| 300 | _ap.71-86. | ||
| 362 | _aSpring | ||
| 650 | _aDecentralization - Ghana | ||
| 650 | _aPoverty - Ghana | ||
| 650 | _aPoverty | ||
| 773 | _aRegional Development Dialogue | ||
| 909 | _a63468 | ||
| 999 |
_c63468 _d63468 |
||